Capital natural de México : (Registro nro. 7942)

Detalles MARC
000 -CABECERA
Campo de control 00737nmm a22002177a 4500
005 - FECHA Y HORA DE LA ULTIMA TRANSACCION
Campo de control 20131127160235.0
008 - ELEMENTOS DE LONGITUD FIJA—INFORMACION GENERAL
Campo de control 131127b2008 mx ||||| |||| 00| 0 spa d
020 ## - ISBN
ISBN 9786077606021
041 ## - IDIOMA
Código de idioma para texto/pista de sonido o título separado Español
044 ## - PAÍS DE PUBLICACIÓN
País de publicación México
090 ## - CLASIFICACIÓN LOCAL
Colección LB
Consecutivo 05794
110 ## - ASIENTO PRINCIPAL--NOMBRE CORPORATIVO
Nombre corporativo o de jurisdicción como elemento de entrada CONABIO
245 ## - MENCION DE TITULO
Título Capital natural de México :
Parte restante del título Conocimiento actual, evaluación y perspectivas de sustentabilidad
260 ## - PUBLICACION, DISTRIBUCION, ETC. (PIE DE IMPRENTA)
Lugar de publicación, distribución, etc. México
Nombre del editor, distribuidor, etc. CONABIO
Fecha de publicación, distribución, etc. 2008
300 ## - DESCRIPCION FISICA
Extensión V. I, II, III,
Otros detalles físicos il., mapas, figuras,
Dimensiones 13 cm
505 ## - NOTA DE CONTENIDO
Nota de contenido Índice general
650 ## - ASIENTO SECUNDARIO DE MATERIA - TERMINO TEMATICO
Término temático o nombre geográfico como elemento de entrada Conocimiento actual de la biodiversidad
650 ## - ASIENTO SECUNDARIO DE MATERIA - TERMINO TEMATICO
Término temático o nombre geográfico como elemento de entrada Estado de conservación y tendencia de cambio
650 ## - ASIENTO SECUNDARIO DE MATERIA - TERMINO TEMATICO
Término temático o nombre geográfico como elemento de entrada Políticas públicas y perspectivas de sustentabilidad
942 ## - ELEMENTOS ADICIONALES (KOHA)
Sistema de clasificación Local
Tipo de ítem CD-ROM
Existencias
Withdrawn status Lost status Sistema de Clasificación Damaged status No para préstamo Colección Ubicación Permanente Ubicación actual Fecha de adquisición Total Checkouts Número topográfico Inventario / Código de Barras Date last seen Ejemplar Price effective from Forma de adquisición Tipo de material
    Local     Audiovisual Bogotá Bogotá 27/11/2013   LB-05794 058891 27/11/2013 Ej. 1 27/11/2013   CD-ROM